| 000 | 00605nam a22002053a 4500 | ||
|---|---|---|---|
| 005 | 20220606094004.0 | ||
| 008 | 011011s1999 mx r 000 0 spa d | ||
| 020 | _a970183402X | ||
| 035 | _aUPN01000112840 | ||
| 049 | _aCG | ||
| 050 | 4 |
_aN25 C5.7 _bL4.7 |
|
| 100 | 1 |
_aLeonardini Herane, Nanda _936694 |
|
| 245 | 1 | 0 |
_aSantiago Rebull : _buna vida entregada al arte / _cNanda Leonardini. |
| 260 |
_aMéxico : _bCNCA, _c1999. |
||
| 300 |
_a31, [31] p. : _bil. col. |
||
| 440 | 0 | _aCírculo de arte | |
| 600 | 1 | 4 |
_aREBULL, SANTIAGO, _d1829-1902 _923694 |
| 650 | 2 |
_aPintores mexicanos _918893 |
|
| 905 | _aLibro | ||
| 999 |
_c86748 _d86748 |
||